000 00787nam a2200205 i 4500
001 150020
003 ES-MaACL
005 20230906203340.0
007 t|
008 071025s1972 sp ||||1| spa d
100 1 _aValluy, J. E.
_9112957
245 1 3 _aLa primera guerra mundial /
_cGeneral J. E. Valluy ; con la colaboración de Pierre Dufourcq ; traducido por A. M. Mayench Marull.
260 _a[Barcelona] :
_bCarroggio,
_c[1972]
300 _a2 v. :
_bmapas, il. n. y col. ;
_c30 cm.
505 8 _aContiene: I: 1914-1916. De Sarajevo a Verdún. 320 p. II: 1916-1918. De Verdún a Rethondes. 335 p.
650 1 4 _aGuerra mundial, 1914-1918.
_913212
700 1 _aDufourcq, Pierre.
_945910
700 1 _aMayench Marull, A. M:.
_979341
852 _aES-MaACL
_jC-42900-1
_bR.83153
999 _c150020
_d150020